UBT Library

COSMIC MAP METAPHYSICS DEMYSTIFIED (Record no. 27203)

000 -LEADER
fixed length control field 00300nam a22001337a 4500
008 - FIXED-LENGTH DATA ELEMENTS--GENERAL INFORMATION
fixed length control field 170911b xxu||||| |||| 00| 0 eng d
020 ## - INTERNATIONAL STANDARD BOOK NUMBER
International Standard Book Number 9781888100600
041 ## - LANGUAGE CODE
Language code of text/sound track or separate title eng
080 ## - UNIVERSAL DECIMAL CLASSIFICATION NUMBER
Universal Decimal Classification number 53
100 ## - Rafti
Rafti 43
101 ## - Shkurtesa
Shkurtesa FIZ
245 ## - TITLE STATEMENT
Title COSMIC MAP METAPHYSICS DEMYSTIFIED
Statement of responsibility, etc JANIS,G
942 ## - ADDED ENTRY ELEMENTS (KOHA)
Source of classification or shelving scheme
Item type Books
Holdings
Withdrawn status Lost status Source of classification or shelving scheme Damaged status Not for loan Collection code Permanent location Current location Shelving location Date acquired Total Checkouts Full call number Barcode Date last seen Price effective from Koha item type
          Koleksioni i përgjithshem UBT - Lipjan UBT - Lipjan Koleksioni i përgjithshem 09/11/2017   53 JAN 002-2925492 09/11/2017 09/11/2017 Books
UBT Library © 2015-2024. All rights reserved University Education for Business and Technology